00476nam a22001217a 4500003000200000005001700002008004100019050002400060245013400084260008500218300003100303500002000334020221017133946.0221017b xxu||||| |||| 00| 0 eng d aLB2395.7b.P35 2019 aDigitalization of school-based management in the division office of Las Pinas using school information systemcJose L. Paliso,Jr. aLas Pinas City, PhilippinesbSouthville International School and CollegescC2019 aviii,160pp.c28cm.fTheses aDigitalization.